00250nam a22001097a 4500003000500000038001300005082001600018100002100034245002700055260004600082300001200128NUST aM.Ramzan a954.91bARM aAmstrong, Karen. aA letter to Pakistan / aKarachi:bOxford University Press,c2011. a95 p, :